00861nam a2200241 a 450000100060000000300090000600800410001502000150005604000280007108200170009910000280011624500190014426000330016330000110019649000300020765000300023765000250026765000290029294200120032199900170033395201390035095201300048923223CO-ViMGA141112s2004 ck r 000 u spa d a9584217615 aCO-ViMGAbspacCO-ViMGA04aCo863.6 Q84e1 aQuiroz, Fernando95420610aEsto huele mal aColombia : bPlaneta, c2006 a181 p. aLetras colombianas de hoy14aAdulterio - Novela92847614aAmor - Novela 9265414aNovela colombiana 91193 2ddccBK c31469d31469 00102ddc40708003aMEVIECARbMEVIECARd2015-12-04h01/jul/2010l0oCo863.6 Q84e p23391r2015-12-04 00:00:00tEj. 1w2015-12-04yBK 00102ddc40708GENaMEGUAMALbMEGUAMALcLITd2024-05-16l0oN QUI9pGUA003823r2024-05-16 21:28:40tEj.1w2024-05-16yBKLIT